Loading...
| History - World | 0 | 6 | 0 | 1 | 60 | 33 | 55.00 | 0 | 5 | 0.00 | 0.00 |
| History - European | 0 | 4 | 0 | 1 | 40 | 15 | 67.00 | 1 | 2 | 0.00 | 0.00 |
| Mythology | 0 | 3 | 0 | 1 | 30 | 21 | 74.33 | 1 | 1 | 0.00 | 0.00 |
| Science - Biology | 0 | 4 | 3 | 0 | 25 | 12 | 42.00 | 0 | 2 | 0.00 | 0.00 |
| Social Science | 0 | 2 | 0 | 0 | 20 | 56 | 58.50 | 0 | 0 | 0.00 | 0.00 |
| History - Other | 0 | 3 | 2 | 0 | 20 | 41 | 79.00 | 1 | 2 | 0.00 | 0.00 |
| Literature - World | 0 | 2 | 0 | 0 | 20 | 86 | 87.00 | 0 | 1 | 0.00 | 0.00 |
| Current Events | 0 | 2 | 0 | 0 | 20 | 33 | 41.50 | 1 | 2 | 0.00 | 0.00 |
| Science - Chemistry | 0 | 2 | 1 | 1 | 15 | 72 | 90.00 | 1 | 1 | 0.00 | 0.00 |
| Pop Culture | 0 | 1 | 0 | 0 | 10 | 24 | 24.00 | 0 | 1 | 0.00 | 0.00 |
| Science - Other | 0 | 1 | 0 | 1 | 10 | 113 | 113.00 | 0 | 0 | 0.00 | 0.00 |
| Literature - European | 0 | 1 | 0 | 1 | 10 | 125 | 125.00 | 0 | 0 | 0.00 | 0.00 |
| Geography | 0 | 0 | 0 | 0 | 0 | 0.00 | 0 | 0 | 0.00 | 0.00 | |
| Science - Physics | 0 | 0 | 1 | 0 | -5 | 0.00 | 0 | 0 | 0.00 | 0.00 |